000 00916nam a22002897a 4500
003 CHAP
005 20220329142830.0
008 040603d1998 mx r 00010 spa d
010 _a88418
011 _a89390
035 _a99941
040 _cCHAP
090 _aFolleto 16753
100 0 0 _aCastro Gómez, Lorenzo.
_920372
245 1 0 _aElementos de econometría
_c/por Lorenzo Castro Gómez
260 _aBuenavista, Saltillo, Coah. :
_bUniversidad Autónoma Agraria Antonio Narro,
_c1998
300 _a24 p.
590 _aBATCH-UPD
_b10
_c20130110
_lUCH01
_h0826
590 _aBATCH-UPD
_b10
_c20130410
_lUCH01
_h0504
590 _aBATCH-UPD
_b10
_c20130914
_lUCH01
_h1257
590 _aCONVERSION
_b10
_c20130109
_lUCH01
_h1349
650 1 4 _aEconometría.
_935201
901 _aBK
905 _aMarco A. Mendoza T.
942 _cFOLL
949 _aFolleto 16753
_bBC
_cFOLL
_d33724002003314
_eTS1
_gDonaciØn
_i99941
_sb
999 _c88418
_d88418